| 000 | 00636nam a2200229 i 4500 | ||
|---|---|---|---|
| 001 | bg | ||
| 100 | 1 | _aMARTYN, Danuta | |
| 245 | 1 | 0 |
_aKlimaty kuli ziemskiej / _cDanuta Martyn. |
| 250 | _aWyd. 2 zm. | ||
| 260 |
_aWarszawa : _bWydaw. Naukowe PWN, _c1995. |
||
| 300 |
_a359, [1] s., [1] k. tabl. złoż. : _bmapy, rys., wykr. ; _c24 cm. |
||
| 504 | _aBibliogr. s. 331-338. - Indeks. | ||
| 650 | 9 | _aKlimat | |
| 655 | _aPodręczniki akademickie | ||
| 020 | _a8301118458 | ||
| 040 | _cBPK | ||
| 041 | 0 | _apl | |
| 080 | _a551.58(100)(075.8) | ||
| 920 | _a83-01-11845-8 | ||
| 942 | _cKS | ||
| 008 | s pl f |000 0 pol | ||
| 999 |
_c25129 _d25129 |
||
| 856 |
_uhttp://koha.tu.koszalin.pl/cgi-bin/koha/opac-detail.pl?biblionumber=25129 _yKatalog online BPK |
||